Zilahi Rádió
Elmentve itt :
| Szerző: | |
|---|---|
| Adatforrás: | Meister |
| Forrásdokumentuma: | Művelődés. - 3 sz., 1998, 28 p. |
| Nyelv: | magyar |
| Kulcsszavak: | intézménytörténet rádió mass-media Zilah Radio Transilvania |
| LEADER | 00424nab a2200169 i 4500 | ||
|---|---|---|---|
| 001 | bibPRO00001446 | ||
| 008 | 060524s1998 xx hun | ||
| 040 | |a Sz1 | ||
| 041 | |a hun | ||
| 100 | 1 | |a FEJÉR László | |
| 245 | 1 | 0 | |a Zilahi Rádió |c FEJÉR László |
| 695 | |a intézménytörténet | ||
| 695 | |a rádió | ||
| 695 | |a mass-media | ||
| 695 | |a Zilah | ||
| 695 | |a Radio Transilvania | ||
| 773 | 0 | |t Művelődés. - |g 3 sz., 1998, 28 p. | |